000 00721nam a2200253 a 4500
005 20140718020002.0
008 140305b1990 cr ||||| |||| 00| 0 spa d
041 _aspa
090 _aLB
_b02132
100 _aZahradník, Jirí
_915461
245 _aGran enciclopedia de los insectos
260 _aPraga
_bSUSAETA
_c1990
300 _a511 p.
650 _aInsecta
_93534
650 _aInsectos
_915462
650 _aBiología reproductiva
_93705
650 _aEstados larvales
_912760
650 _aHábitos alimentarios
_93824
650 _aHistoria natural
_93809
650 _aDistribución geográfica
_915463
650 _aClaves taxonómicas
_93514
700 _aChvála, Milan
_915464
942 _cImpreso
_2z
_01
999 _c2309
_d2309